Swami Vivekananda: a forgotten chapter of his life (Record no. 416130)

000 -LEADER
fixed length control field 00371cam a22001217a 4500
008 - FIXED-LENGTH DATA ELEMENTS--GENERAL INFORMATION
fixed length control field 180718b1963 xxu||||| |||| 00| 0 eng d
082 ## - DEWEY DECIMAL CLASSIFICATION NUMBER
Classification number A99 V836/Sh23
100 ## - MAIN ENTRY--PERSONAL NAME
Personal name Sharma, Benishankar
245 ## - TITLE STATEMENT
Title Swami Vivekananda: a forgotten chapter of his life
Statement of responsibility, etc. by Benishankar Sharma
260 ## - PUBLICATION, DISTRIBUTION, ETC.
Place of publication, distribution, etc. Calcutta
Name of publisher, distributor, etc. Oxford
Date of publication, distribution, etc. 1963
300 ## - PHYSICAL DESCRIPTION
Extent 229p
650 ## - SUBJECT ADDED ENTRY--TOPICAL TERM
Topical term or geographic name entry element Vivekananda, Swami, 1863-1902
Holdings
Withdrawn status Lost status Damaged status Not for loan Permanent Location Current Location Date acquired Full call number Barcode Date last seen Price effective from Koha item type
        Indian Institute of Public Administration Indian Institute of Public Administration 2009-03-12 A99 V836/Sh23 32925 2018-07-21 2018-07-21 Book

Powered by Koha